000
00229 a2200097 4500
001
40899
100
_a
Stierlin, Henri
245
_a
Cullural History of Arabs
260
_a
Geneva
_b
Agency Inter Edition
_c
090
_c
25152
_d
25152
942
_a
NUST-CAE
_c
M
_c
16839
999
_c
275972
_d
275972